| 000 | 01389nam a2200301 a 4500 | ||
|---|---|---|---|
| 001 | BRCA_2551 | ||
| 005 | 20190320203848.0 | ||
| 008 | 261108s1866----gw-#---###---#000-0#spa-u | ||
| 041 | _aspa | ||
| 044 | _agw | ||
| 084 |
_a161 _b.B76 _c1866 |
||
| 100 | 1 |
_aCervantes Saavedra, Miguel de _d1547-1616 _9213 |
|
| 245 | 1 | 0 |
_aEl Ingenioso Hidalgo Don Quijote de la Mancha _ccompuesto por Miguel de Cervantes Saavedra. |
| 260 |
_aLeipzig (Alemania) _bF. A. Brockhaus _c1866 |
||
| 300 |
_a2 v. _c20 cm. |
||
| 440 | 0 |
_aColección de autores españoles _97301 |
|
| 500 | _aContenido : v 1. Primera parte. Dedicatoria del autor. Prólogo del autor. Versos preliminares. Texto. -- v 2. Segunda parte. Dedicatoria del autor. Prólogo del autor. Texto | ||
| 500 | _aEdición económica. El texto, salvo ligeras variantes, sigue al de la edición parisiense de Baudry. La impresión está hecha con buenos tipos. Semipiel; lomeras decoradas con filetes dorados Lúdovik Ostec | ||
| 500 | _aCon ex-libris de : John T. Betts Pembury | ||
| 500 | _aQM147 | ||
| 650 | 1 | 4 |
_aNovela española _yÉpoca clásica, 1500-1700 _9215 |
| 650 | 1 | 4 |
_aLiterartura española _yÉpoca clásica, 1500-1700 _97302 |
| 650 | 1 | 4 |
_aNovela española _ySiglo XVII _9217 |
| 650 | 1 | 4 |
_aDon Quijote (Personaje ficticio) _eNovela _9218 |
| 740 | 0 | _aEl Ingenioso Hidalgo Don Quijote de la Mancha | |
| 902 | _aQFM | ||
| 942 |
_2lcc _cB |
||
| 999 |
_c2291 _d2291 |
||